Hinter starken Mauern

Titel: Hinter starken Mauern : die Menschen vom Kunzendorfer Hof / Inge Spiegel-Silomon
Verfasser:
Ausgabe: 1. Aufl.
Veröffentlicht: [Görlitz] : Bergstadtverl. Korn, 2013
Umfang: 132 S.
Format: Buch
Sprache: Deutsch
RVK-Notation:
Schlagworte:
ISBN: 9783870573317 ; 9873870573317
Buchumschlag
X
Lokale Klassifikation: 14 8 K 312 ; 14 2 M ; 14 7 H ; 14 9 D ; 14 13 L
alg: 33131776
001A    $06000:12-09-13 
001B    $06055:18-03-26 $t20:51:52.000 
001C    $03004:05-06-14 $t12:20:13.000 
001D    $03004:04-06-14 
001U    $0utf8 
001X    $00 
002@    $0Aau 
003@    $0331317761 
003O    $0858085291 $aOCoLC 
004A    $A978-3-87057-331-7 $fkart. : EUR 9.90 (DE), EUR 10.20 (AT), sfr 12.20 (freier Pr.) 
004D    $0987-3-87057-331-7 
007G    $0DE02088D3FED6B883A9C3C1257CF6002D5DB0 
007T    $0Herdc0110056m 
009P    $qapplication/pdf $A2 $3Inhaltsverzeichnis $uhttp://scans.hebis.de/HEBCGI/show.pl?33131776_toc.pdf $mV:DE-603;B:DE-Mb50 
010@    $ager 
011@    $a2013 
013D    $D20251120 $Ecgmnf $71071854844 $8Fiktionale Darstellung [Tsz] $9359645615 
021A    $aHinter starken Mauern $ddie Menschen vom Kunzendorfer Hof $hInge Spiegel-Silomon 
028A    $#Silomon, Inge Spiegel- $#Spiegel-Silomon, Inge Johanna $#Silomon-Pflug, Inge Johanna $#Pflug, Inge Johanna Silomon- $#Silomon-Pflug, Inge $#Pflug, Inge Silomon- $71038799953 $8Spiegel-Silomon, Inge$Z1930-2021 [Tp1] $9327857501 
032@    $a1. Aufl. 
033A    $p[Görlitz] $nBergstadtverl. Korn 
034D    $a132 S. 
044K    $RAlltag $#Country life $#Vie rurale $#Vida rural $#Dorfleben $#Dorf Alltag $#Ländlicher Raum Alltag $#Country life $D20251120 $Ecgmnf $74034309-1 $8Landleben [Ts1] $9085092126 
044K    $RGrundeigentümer $#Propriétaires fonciers $#Großgrundbesitzer $D20251120 $Ecgmnf $74322050-2 $8Großgrundbesitzer [Ts1] $9086776886 
044K    $RPolen $RNiederschlesien $ROberschlesien $RNiederschlesien $ROberschlesien $#Schlesien $#Schlesien $#Herzogtum Schlesien $#Herzogtum Schlesien Schlesien $#Provinz Schlesien $#Śla̜sk $#Slezsko $#Silesia $D20251120 $Ecgmnf $74052678-1 $8Schlesien [Tg1] $9085146781 
045F    $a910.94385 $eDDC23BSB 
045F/01 $a910 
045F/03 $g4385 
045G    $a900.9438509033 $eDDC23BSB 
045G/01 $a900 
045G/03 $f09033 
045G/03 $g4385 
045H    $a709.4385 $eDDC23BSB 
045H/01 $a709 
045H/03 $g4385 
045I    $a306.094385 $eDDC23BSB 
045I/01 $a306.09 
045I/03 $g4385 
045J    $a307.094385 $eDDC23BSB 
045J/01 $a307.09 
045J/03 $g4385 
045Z    $D20251120 $Ecgmnf $8GN 9999 [Tkv] $9408454415 

lok: 33131776 24
101B    $005-06-14 $t12:20:13.000 
101C    $005-06-14 
101U    $0utf8 
145Z/01 $a14 8 K 312 
145Z/02 $a14 2 M 
145Z/03 $a14 7 H 
145Z/04 $a14 9 D 
145Z/05 $a14 13 L 

exp: 33131776 24 1 #EPN
201B/01 $005-06-14 $t12:20:13.000 
201C/01 $004-06-14 
201U/01 $0utf8 
203@/01 $0732765404 
208@/01 $a05-06-14 $bz 
209A/01 $a14.05455 $du $f050 $h14 05455 $x00 
209C/01 $a14.05455 G $h14 05455 G 
209G/01 $a73414067 $x00 
220C/01 $asem/hae 
247C/01 $8358050-7 Marburg, Bibliothek des Herder-Instituts Marburg $9102600961 

lok: 33131776 78

exp: 33131776 78 1 #EPN
201B/01 $019-04-17 $t15:10:55.000 
201U/01 $0utf8 
203@/01 $0792014375 
208@/01 $a12-11-16 $be 
209A/01 $a/ $f000 $x00 
220C/01 $aTitelaufnehmer: pg 
220C/01 $aHerkunft: HI Marburg 
237A/01 $aGeschichte der Besitzer des Schloßes in Kunzendorf/Polkwitz in Form eines historischen Romans. - weiterführende Signatur(en):  Herder-Institut: 14.05455 
244Z/01 $2Trx $#Silesia $#Śląsk $#Sliezsko $#Slezsko $8--Trx--Schlesien $x01 $9391173987 
244Z/01 $2Trx $#Kunzendorf Polkwitz $#Kunzendorf Glogau $#Sieroszowice Głogów $8--Trx--Sieroszowice$gPolkowice $x02 $9391347837 
244Z/01 $aGeschichte 1770-2010 $x03 
244Z/01 $2Trx $#lossid ja paleed $#pilys ir rūmai $#Castles and palaces $#kastélyok és paloták $#zamki i pałace $#zámky a paláce $#zámky a paláce $#Paläste $#Architektur Schlösser $#pałace $#paláce $#paláce $8--Trx--Schlösser und Paläste $x04 $9391360531 
244Z/01 $2Trx $#mõisad $#dvarai $#Manors $#jószágok $#dwory ziemiańskie $#statky zemianske $#statky budovy $#Gutshöfe $#kaštiele $8--Trx--Gutshäuser $x05 $9391372025 
244Z/01 $2Trx $#mõisnik $#žemės savininkai $#Estate owners $#földbirtokos $#właściciele ziemscy $#statkári $#statkáři $#Gutsherren $#ziemiaństwo $8--Trx--Gutsbesitzer $x06 $9391369024 
244Z/01 $2Trx $8--Trx--Monographie $x07 $9391384546 
245Z/01 $a13.03 $x01 
245Z/01 $a09.13 $x02 
247C/01 $82080>Marburg/Lahn, Herder-Institut, Forschungsbibliothek, Bibliographieportal $9336309341
LEADER 00000cam a2200000 c 4500
001 331317761
003 DE-603
005 20260318205152.0
007 tu
008 130912s2013 xx |||| | u00||u|ger c
020 |a 9783870573317  |c kart. : EUR 9.90 (DE), EUR 10.20 (AT), sfr 12.20 (freier Pr.) 
020 |z 9873870573317 
035 |a (DE-599)HEB331317761 
035 |a (OCoLC)858085291 
040 |a DE-603  |b ger  |c DE-603  |d DE-603 
041 |a ger 
082 0 4 |8 1\u  |a 910.94385  |q DE-101  |2 23/BSB 
083 0 |8 2\u  |a 900.9438509033  |q DE-101  |2 23/BSB 
083 0 |8 3\u  |a 709.4385  |q DE-101  |2 23/BSB 
083 0 |8 4\u  |a 306.094385  |q DE-101  |2 23/BSB 
083 0 |8 5\u  |a 307.094385  |q DE-101  |2 23/BSB 
084 |a GN 9999  |0 (DE-625)43130:  |0 (DE-603)408454415  |2 rvk 
085 |8 1\u  |b 910 
085 |8 1\u  |z 2  |s 4385 
085 |8 2\u  |b 900 
085 |8 2\u  |z 1  |s 09033 
085 |8 2\u  |z 2  |s 4385 
085 |8 3\u  |b 709 
085 |8 3\u  |z 2  |s 4385 
085 |8 4\u  |b 306.09 
085 |8 4\u  |z 2  |s 4385 
085 |8 5\u  |b 307.09 
085 |8 5\u  |z 2  |s 4385 
100 1 |a Spiegel-Silomon, Inge  |d 1930-2021  |0 (DE-603)327857501  |0 (DE-588)1038799953  |2 gnd 
245 0 0 |a Hinter starken Mauern  |b die Menschen vom Kunzendorfer Hof  |c Inge Spiegel-Silomon 
250 |a 1. Aufl. 
264 1 |a [Görlitz]  |b Bergstadtverl. Korn  |c 2013 
300 |a 132 S. 
650 7 |a Landleben  |0 (DE-588)4034309-1  |0 (DE-603)085092126  |2 gnd 
650 7 |a Großgrundbesitzer  |0 (DE-588)4322050-2  |0 (DE-603)086776886  |2 gnd 
651 7 |a Schlesien  |0 (DE-588)4052678-1  |0 (DE-603)085146781  |2 gnd 
655 7 |a Fiktionale Darstellung  |2 gnd-content  |0 (DE-588)1071854844  |0 (DE-603)359645615 
856 4 2 |m V:DE-603;B:DE-Mb50  |q application/pdf  |u http://scans.hebis.de/HEBCGI/show.pl?33131776_toc.pdf  |3 Inhaltsverzeichnis 
924 0 |9 Mb 50  |a (DE-603)732765404  |b DE-Mb50  |c HES  |d c  |g 14.05455 
924 0 |9 2080  |a (DE-603)792014375  |b DE-2080  |c HES  |d d  |g /